00228nam a2200097Ia 4500008004100000100002100041245003400062260001700096260000900113300000800122170620s9999 xx 000 0 und d aGanong-William.F 0aEreview of Medical Physiology bMc Graw Hill c2005 a912